Životní prostředí a sebeřízení společnosti /

Uložené v:
Podrobná bibliografia
Hlavný autor: Vavroušek, Josef 1944-1995 (Author)
Médium: Kniha
Jazyk:Czech
English
Russian
Vydané: Praha : Institut řízení, 1990.
Vydanie:1. vyd.
ISBN: 8070140267 (brož.)
Fyzický popis: 191 s.
Tagy: Pridať tag
Žiadne tagy, Buďte prvý kto otaguje tento záznam!

MARC

LEADER 00000cam a2200000 a 4500
001 000246169
005 20091209223617.0
008 911209s1990 xr cze d
020 |a 8070140267 (brož.) 
040 |a SVKKK  |b slo  |c SVKKK  |e AACR2 
041 0 |a cze  |a eng  |a rus 
044 |a xr  |c CZ 
100 1 |a Vavroušek, Josef  |d 1944-1995  |4 aut 
245 1 0 |a Životní prostředí a sebeřízení společnosti /  |c Josef Vavroušek. 
250 |a 1. vyd. 
260 |a Praha :  |b Institut řízení,  |c 1990. 
300 |a 191 s. 
500 |a Obsahuje zhrnutie v angličtine a ruštine 
504 |a Obsahuje bibliografii (s. 180-185) 
910 |a svkkk 
919 |a 80-7014-026-7 
998 |a BK 
090 |g SCKHL  |k Sklad Pribinova 2. posch.  |a III.159422  |j 850247  |i 2720113450  |s Absenčne